La regla de reconocimiento en la teoría jurídica de H. L. A. Hart: un intento de configuración del derecho como sistema normativo autónomo

Uloženo v:
Podrobná bibliografie
Hlavní autor: Ramos Pascua, José Antonio (Autor)
Médium: Kniha
Jazyk:španělština
Vydáno: Madrid Tecnos 1989
Edice:Colección Derecho, Cultura y Sociedad
Témata:
Tagy: Přidat tag
Žádné tagy, Buďte první, kdo vytvoří štítek k tomuto záznamu!

MARC

LEADER 00000nam a2200000 a 4500
001 UCV2128
003 CL-VaPUC
008 911104e19890000SP |||||||||||||||||spa|d
082 0 4 |a 340.1  |b RAM  |2 21 
100 0 |a Ramos Pascua, José Antonio  |e author  |9 296375 
245 1 3 |a La regla de reconocimiento en la teoría jurídica de H. L. A. Hart: un intento de configuración del derecho como sistema normativo autónomo 
300 |a 251 p 
942 |c BK 
945 |d 19911104 00:00:00 
260 |a Madrid  |b Tecnos  |c 1989 
600 0 7 |a HART, H. L. A  |2 CL-VaPUC  |9 257373 
650 0 |a Filosofía del derecho   |9 255050 
583 |a last modification  |c 19911104 00:00:00  |k Rodrigo Vera 
490 0 |a Colección Derecho, Cultura y Sociedad 
999 |c 209811  |d 209809 
952 |0 0  |1 0  |4 0  |6 340_100000000000000_RAM_1989  |7 0  |8 DER_TF  |9 185601  |a BIBDER  |b BIBDER  |d 2019-11-14  |i 253049K  |o 340.1 RAM 1989  |p 253049K  |r 2023-01-25  |w 2019-11-14  |x Ubicación 4to Piso  |y BK  |z Estos recursos deben solicitarse con anticipación  |k DER